First information report [F.I.R]
محفوظ في:
| المؤلف الرئيسي: | |
|---|---|
| التنسيق: | كتاب |
| منشور في: |
Hyderabad:
S.P. Gogia (H.U.F.),
c2010
|
| الطبعة: | 3rd ed. |
| الموضوعات: | |
| الوسوم: |
إضافة وسم
لا توجد وسوم, كن أول من يضع وسما على هذه التسجيلة!
|
MARC
| LEADER | 00000cam a2200000 a 4500 | ||
|---|---|---|---|
| 005 | 20260418130613.0 | ||
| 020 | |c TZS 17,838.49/= |a 9789380087964 | ||
| 040 | |a MCCL |b eng. |e AACR 2nd rev. ed. | ||
| 082 | |a 363.25 RAJ | ||
| 100 | 1 | |a Rajender Mangari | |
| 245 | 1 | 2 | |a First information report [F.I.R] |c /Mangari Rajender |
| 250 | |a 3rd ed. | ||
| 260 | |a Hyderabad: |b S.P. Gogia (H.U.F.), |c c2010 | ||
| 300 | |a xxiv,292 p.: |c 22 cm. | ||
| 546 | |a eng. | ||
| 650 | 0 | |a Information report | |
| 650 | 0 | |a F.I.R. | |
| 942 | |c BK | ||
| 999 | |c 12684 |d 12684 | ||